| 000 | 00548nam a22001577a 4500 | ||
|---|---|---|---|
| 003 | macl | ||
| 005 | 20231105124447.0 | ||
| 008 | 231105b |||||||| |||| 00| 0 eng d | ||
| 040 | _c320 | ||
| 082 | _a320 | ||
| 100 |
_a Study Publication _982016 |
||
| 245 | _aभारत की राज्य व्यवस्था (संघ एवं राज्य लोक सेवा आयोग ) प्रथम संस्करण | ||
| 260 |
_aDelhi _b Study Publication |
||
| 650 | _aराजनीति | ||
| 942 |
_2ddc _cHIN |
||
| 999 |
_c66319 _d66319 |
||